|
|
|
|
| LEADER |
01933nam a22004692i 4500 |
| 001 |
001533503 |
| 003 |
CZ BrMZK |
| 005 |
20220803135510.0 |
| 007 |
ta |
| 008 |
160704s1987 xr a erc||||||||||cze d |
| 015 |
|
|
|z cnb000032364
|
| 020 |
|
|
|q (Brožováno) :
|c Kčs 7,50
|
| 035 |
|
|
|a (OCoLC)39404613
|
| 040 |
|
|
|a ABA001
|b cze
|d ABA001
|d BOA001
|e rda
|
| 041 |
1 |
|
|a cze
|h ger
|
| 072 |
|
7 |
|a 72/76
|x Výtvarné umění
|2 Konspekt
|9 21
|
| 080 |
|
|
|a 72/76(494)
|2 MRF
|
| 080 |
|
|
|a (083.824)
|2 MRF
|
| 100 |
1 |
|
|a Bill, Max,
|d 1908-1994
|7 jn20000700174
|4 art
|4 wfw
|4 ill
|
| 245 |
1 |
0 |
|a Max Bill :
|b Praha, Valdštejnská jízdárna, květen 1987 /
|c úvodní stati napsali Jiří Kotalík, Zdeněk Kovář, Will Grohmann a Max Bill ; z němčiny přeložila Anita Pelánová
|
| 250 |
|
|
|a 1. vydání
|
| 264 |
|
1 |
|a V Praze :
|b Národní galerie,
|c 1987
|
| 300 |
|
|
|a 32 nečíslovaných stran ;
|b ilustrace ;
|c 26 cm
|
| 336 |
|
|
|a text
|b txt
|2 rdacontent
|
| 337 |
|
|
|a bez média
|b n
|2 rdamedia
|
| 338 |
|
|
|a svazek
|b nc
|2 rdacarrier
|
| 490 |
1 |
|
|a Profily a přehledy ;
|v 54
|
| 500 |
|
|
|a Praha, Valdštejnská jízdárna, květen 1987 - katalog výstavy, pořádá Ministerstvo kultury ČSR, Švýcarské velvyslanectví v Praze a Národní galerie v Praze
|
| 500 |
|
|
|a 1200 výtisků
|
| 600 |
1 |
7 |
|a Bill, Max,
|d 1908-1994
|7 jn20000700174
|2 czenas
|
| 648 |
|
7 |
|a 20. století
|7 ch460558
|
| 650 |
0 |
7 |
|a švýcarské výtvarné umění
|7 ph127904
|y 20. století
|2 czenas
|
| 655 |
|
7 |
|a katalogy výstav
|7 fd132536
|2 czenas
|
| 700 |
1 |
|
|a Kotalík, Jiří,
|d 1920-1996
|7 jk01062111
|4 wfw
|
| 700 |
1 |
|
|a Kovář, Zdeněk
|4 wfw
|
| 700 |
1 |
|
|a Grohmann, Will,
|d 1887-1968
|7 jn20000602551
|4 wfw
|
| 700 |
1 |
|
|a Pelánová, Anita,
|d 1950-
|7 ola2003193661
|4 trl
|
| 830 |
|
0 |
|a Profily a přehledy
|0 s
|
| 910 |
|
|
|a BOA001
|b X-0918.922
|
| 990 |
|
|
|a BK
|
| 991 |
|
|
|b 201605
|
| 996 |
6 |
|
|b 2619167520
|c X-0918.922
|l MZK
|r Sklad / do 24 hodin
|n 0
|w 001568378
|u 000010
|a 1
|e BOA001
|j MZK50
|s P
|